Carregant...

Maruppookkal /

Dades bibliogràfiques
Autor principal: Sukumar Kakkad
Format: Printed Book
Idioma:Malayalam
Publicat: Calicut : Capital International , 2000.
Matèries:
LEADER 00534nam a2200169Ia 4500
008 150624b xxu||||| |||| 00| p mal d
999 |c 86879  |d 86879 
020 |a 8177280082 
082 |a 851.57S1 
100 |a Sukumar Kakkad 
245 |c Sukumar Kakkad  |a Maruppookkal / 
260 |a Calicut :  |b Capital International ,  |c 2000. 
300 |a 95 p. 
546 |a In Malayalam. 
650 |v Malayalam poetry 
942 |c BK 
952 |0 0  |1 0  |4 0  |6 851_000000000000000_57S1_MAR_M  |7 0  |9 86823  |a UL  |b UL  |c ST1  |d 2012-10-27  |l 0  |o 851.57S1 MAR M  |p G9319  |r 2012-10-27  |y BK